Mirar con lupa 1 /
Guardado en:
| Autor Principal: | |
|---|---|
| Formato: | Libro |
| Publicado: |
Boulogne :
Estrada,
2017
|
| Materias: | |
| Etiquetas: |
Agregar Etiqueta
Sin Etiquetas, Sea el primero en etiquetar este registro!
|
| LEADER | 01071nam a22002895a 4500 | ||
|---|---|---|---|
| 001 | CEM.cems014944 | ||
| 005 | 20180604163344.0 | ||
| 008 | 130507s2017##################000#0#####d | ||
| 003 | CEMS | ||
| 020 | |a 9789879500117555 | ||
| 082 | 0 | 4 | |a SG382.242 |
| 100 | 1 | |a Alderoqui, Helena Gabriela | |
| 245 | 1 | 0 | |a Mirar con lupa 1 / |c Helena Gabriela Alderoqui ... y Otros |
| 260 | |a Boulogne : |b Estrada, |c 2017 | ||
| 300 | |a 272 p. | ||
| 500 | |a Edición para Organismos Públicos | ||
| 505 | 0 | |a Camino hacia la escuela -- En la escuela -- En la plaza -- Juegos y juguetes -- Nos vamos de campamento -- Las familias y los festejos -- Los deportes -- Un paseo a la granja -- Los trabajos -- Una visita al mueso | |
| 653 | |a Educación | ||
| 653 | |a Manual | ||
| 653 | |a Primaria | ||
| 653 | |a Teto-primaria | ||
| 653 | |a Lengua | ||
| 653 | |a Matemática | ||
| 653 | |a Ciencias naturales | ||
| 653 | |a Ciencas sociales | ||
| 859 | |a CEMS |b BIB. CEMS - 11 de abril |h SG382.242 |i Al234 |p 27553.18 |t Ej.1 |v 1 |3 1 | ||
| 859 | |a CEMS |b BIB. CEMS - 11 de abril |h SG382.242 |i Al234 |p 27554.18 |t Ej.2 |v 1 |3 1 | ||
